000 00611nam a22001817a 4500
003 CEME
005 20210628210704.0
008 210201b xxu||||| |||| 00| 0 eng d
020 _a0-07-116596-7
040 _c.
082 _a004 MAT
100 _aMata-Toledo, Ramon A,Cushman, Pauline K
_963405
245 _aIntroduction to computer science,with examples in visual basic , c, c++, and java
260 _aNEW YORK
_bMCGRAW HILL
_c2000
300 _aVIII,296P
650 _aSCHAUMS OUTLINE SERIES.INTRODUCTION TO COMPUTER SCIENCE WITH EXAMPLES IN VISUAL BASIC , C, C++, AND JAVA
_980552
942 _cBK
_2ddc
999 _c585468
_d585468